000 00572nam a22001817a 4500
999 _c12755
_d12755
003 AR-CdUCM
008 190327b ||||| |||| 00| 0 spa d
040 _aMUNICIPALIDAD PROVINCIAL DEL CUSCO
_cBIBLIOTECA MUNICIPAL DEL CUSCO
082 _aEP / 800 /
_bC31
_27ed.
100 _aCarroll, Lewis
_924930
245 _aAlicia en el País de las Maravillas /
260 _aEspaña :
_bJuventud ;
_c1958.
300 _a125 páginas ;
_bIlustraciones.
_c25 cm.
650 _aCuentos infantiles
_93927
650 _aSiglo XX
_98
942 _2ddc
_cLIBROS
945 _anom
_d2019-04-10